000 00366nam a2200145Ia 4500
008 230917s9999||||xx |||||||||||||| ||und||
040 _e43124
_aMAIN
041 _aEnglish
082 _a940.25 C436A
100 _aChilds, John
245 0 _aArmies and warfare in Europe 1648-1789
260 _aManchester
_bUniversity press
_c1982
300 _a216 p.
942 _cBK
999 _c39016
_d39016